01285nam a22003257a 4500003000400000005001700004008004100021040002200062082001500084130002400099245006800123260002600191300001800217490001400235505004200249505007800291505004700369505004900416505007900465505006000544505007000604505001600674505001300690505002000703650004200723650005100765650004900816650004400865651005000909OSt20230817115011.0221006b |||||||| |||| 00| 0 eng d cBiblioteca Lado V a305bM953m aMujer/Fempresslspa aMujer/Fempress/bRed de comunicación alternativa de la mujer/ bFEMPRESSc1999aChile c22x31cma29p. v1999a207 aEl Movimiento amplio de mujerestPERU aOpción de Apellido Una vida sin violencia Corriendo el velotCOLOMBIA aMejor sola que mal acompañadatVENEZUELA aSe rompen esquemas de clasestESTADOS UNIDOS aNombres borrados, obras usurpadas La delegación de la mujertCOSTA RICA aCentro de adolescentes víctimas de violenciatURUGUAY aViolencia doméstica entre lesbianas Celebrar exigiendotMEXICO tREFLEXIONES aRECORTES aCOMUNICANDONOS  2Tesauro de Arte & ArquitecturaaMUJER 2Tesauro de Arte & ArquitecturaaCOMUNICACIÓN 2Tesauro de Arte & ArquitecturaaRED FEMENINA 2Tesauro de Arte & ArquitecturaaCULTURA 2Tesauro de Arte & ArquitecturaaINTERNACIONAL